Personnages Friends - Statistiques

Statistiques générales
  • Ce quiz a été pris 447 fois
  • Le résultat moyen est 14 sur 16
Statistiques - réponses
Par images Réponse % Correct
Chandler
99%
Monica
99%
Phoebe
99%
Rachel
99%
Ross
99%
Joey
97%
Janice
92%
Ben
90%
Gunther
88%
Richard
87%
Emily
85%
Mike
80%
Carole
74%
Suzanne
66%
Jack
65%
Judy
46%
Aucun quiz correspondant
Distribution des résultats
% des personnes avec chaque résultat
Percentile par nombre de réponses
Votre historique - résultats
Vous n’avez pas pris ce quiz